It looks like you're offline.
Open Library logo
additional options menu

MARC record from Internet Archive

LEADER: 01065cam a22002891 4500
001 114517
005 19930426184835.0
008 720427m19631965maua 000 0 eng
010 $a 63020717 //r892$o00531535
035 $9AAN-2498
040 $aDLC$cDLC$dm.c.$dMCL$dSPP$dRBN$dXIM
019 $a2099025$a7469963$a16750270
020 $a0201020106 :$c$17.95
050 0 $aQC23$b.I47
082 $a530
096 $aQC 23 F435f
049 $aXIMM
100 1 $aFeynman, Richard Phillips.
245 14 $aThe Feynman lectures on physics$c[by] Richard P. Feynman, Robert B. Leighton [and] Matthew Sands.
260 $aReading, Mass.,$bAddison-Wesley Pub. Co.$c[1963-65]
300 $a3 v.$billus.$c29 cm.
500 $aVol. 2 has subtitle: The electromagnetic field; 3 has subtitle: Quantum mechanics.
505 0 $av. 1. Mainly mechanics, radiation, and heat.--v. 2. Mainly electromagnetism and matter.--v. 3. Quantum mechanics.
650 0 $aPhysics.
700 10 $aLeighton, Robert B.
700 10 $aSands, Matthew L.$q(Matthew Linzee)
740 01 $aLectures on physics.